San Ignacio de Loyola / (Record no. 81086)

MARC details
000 -LEADER
campo de control de longitud fija 00619nam a2200181 i 4500
001 - NÚMERO DE CONTROL
campo de control 81086
003 - IDENTIFICADOR DE NÚMERO DE CONTROL
campo de control ES-MaACL
005 - FECHA Y HORA DE LA ÚLTIMA TRANSACCIÓN
campo de control 20230906174352.0
007 - CAMPO FIJO DE DESCRIPCIÓN FÍSICA--INFORMACIÓN GENERAL
campo de control de longitud fija t|
008 - DATOS DE LONGITUD FIJA--INFORMACIÓN GENERAL
campo de control de longitud fija 041102s1946 ag ||||1| spa d
100 1# - ENTRADA PRINCIPAL--NOMBRE DE PERSONA
Nombre de persona Hollis, Christopher.
9 (RLIN) 64037
245 10 - MENCIÓN DEL TÍTULO
Título San Ignacio de Loyola /
Mención de responsabilidad, etc. Christopher Hollis ; [traducción directa del inglés por Gina H. de Sala ; revisado por Antonio Ennis].
260 ## - PUBLICACIÓN, DISTRIBUCIÓN, ETC.
Lugar de publicación, distribución, etc. Buenos Aires :
Nombre del editor, distribuidor, etc. Ediciones del Tridente,
Fecha de publicación, distribución, etc. [1946] (
Fabricante Ayacucho)
300 ## - DESCRIPCIÓN FÍSICA
Extensión 316 p. ;
Dimensiones 24 cm.
700 1# - ENTRADA AGREGADA--NOMBRE PERSONAL
Nombre de persona Sala, Gina H. de.
9 (RLIN) 101646
700 1# - ENTRADA AGREGADA--NOMBRE PERSONAL
Nombre de persona Ennis, Antonio.
9 (RLIN) 47253
852 ## - LOCALIZACIÓN
Ubicación ES-MaACL
Número de control de estantería C-3903
Sublocalización o colección R.23487
Holdings
Estatus retirado Estado de pérdida Estado de daño No para préstamo Biblioteca de origen Biblioteca actual Ubicación en estantería Fecha de adquisición Fuente de adquisición Total de préstamos Signatura topográfica completa Código de barras Visto por última vez Precio de reemplazo Tipo de ítem Koha
        Biblioteca del Ateneo de Madrid Biblioteca del Ateneo de Madrid Sala Palomar 17/01/2008     C-3903 1084764 23/02/2023 23/02/2023 Libro impreso